Regional (Record no. 78243)

MARC details
000 -LEADER
fixed length control field 00746cab a2200193 4500
001 - CONTROL NUMBER
control field L136314
008 - FIXED-LENGTH DATA ELEMENTS--GENERAL INFORMATION
fixed length control field 070125n2007 000 0 eng u
035 ## - SYSTEM CONTROL NUMBER
System control number (Sirsi) u136314
041 0# - LANGUAGE CODE
Language code of text/sound track or separate title eng
100 1# - MAIN ENTRY--PERSONAL NAME
Personal name Unger, Paul
245 00 - TITLE STATEMENT
Title Regional
Remainder of title Lancashire and Cumbria
260 ## - PUBLICATION, DISTRIBUTION, ETC.
Date of publication, distribution, etc. 2007
490 #0 - SERIES STATEMENT
Series statement Property Week
Volume/sequential designation 72(3) 19 January 2007, 83-95(6)
520 ## - SUMMARY, ETC.
Summary, etc. Discusses new commercial property development sites in Bolton, the implication of Carlisle's status as a university town on its retail sector, and the pending application for the development of a 1.1m sq ft manufacturing facility in Lancashire.
590 ## - LOCAL NOTE (RLIN)
Local note KA
651 #4 - SUBJECT ADDED ENTRY--GEOGRAPHIC NAME
Geographic name NORTH EAST ENGLAND
690 ## - LOCAL SUBJECT ADDED ENTRY--TOPICAL TERM (OCLC, RLIN)
Topical term or geographic name as entry element PROPERTY-COMMERCIAL PROPERTY-COMMERCIAL PROPERTY MARKET
942 ## - ADDED ENTRY ELEMENTS (KOHA)
Suppress in OPAC 0
Holdings
Withdrawn status Lost status Source of classification or shelving scheme Damaged status Not for loan Home library Current library Shelving location Date acquired Total Checkouts Full call number Barcode Date last seen Copy number Price effective from Koha item type
    Dewey Decimal Classification     London London Journal article 25/01/2007   L136314 136314-1001 06/08/2019 1 06/08/2019 Journal article
    Dewey Decimal Classification     London London Journal article 25/01/2007   L136314 136314-1002 06/08/2019 2 06/08/2019 Journal article